Statistiche per Paesi europei nella lingua nazionale

Clicka qui per fare il quiz!

Statistiche generali

  • Questo quiz è stato fatto 2.235 volte
    (2.041 dall'ultimo reset)
  • Il punteggio medio è 27 su 38

Statistiche sulle risposte

OriginaleItaliano% Corretto
United KingdomRegno Unito
97%
PortugalPortogallo
95%
EspañaSpagna
94%
SverigeSvezia
90%
NederlandPaesi Bassi
89%
PolskaPolonia
86%
NorgeNorvegia
86%
SlovenijaSlovenia
86%
FranceFrancia
85%
DeutschlandGermania
85%
SlovenskoSlovacchia
85%
LietuvaLituania
84%
Status Civitatis
Vaticanæ
Città del Vaticano
83%
LatvijaLettonia
82%
DanmarkDanimarca
82%
SchweizSvizzera
81%
BelgiëBelgio
78%
ÍslandIslanda
78%
ÉireIrlanda
76%
Česká republikaRepubblica Ceca
74%
ΕλλάδαGrecia
73%
ÖsterreichAustria
70%
MoldovaMoldavia
70%
KosovaKosovo
69%
EestiEstonia
67%
РоссияRussia
66%
LëtzebuergLussemburgo
66%
SuomiFinlandia
58%
Северна
Македонија
Macedonia del
Nord
57%
MagyarországUngheria
49%
HrvatskaCroazia
48%
Босна и
Херцеговина
Bosnia ed
Erzegovina
47%
БългарияBulgaria
46%
Белару́сьBielorussia
45%
УкраїнаUcraina
42%
ShqipëriaAlbania
42%
Crna GoraMontenegro
36%
СрбијаSerbia
32%

Distribuzione punteggi

Percentile per numero di risposta

Percentuale di utenti per punteggio

I tuoi punteggi nel tempo

Non hai fatto questo quiz dall'ultimo reset